000 00363nam a2200157Ia 4500
003 Ost
005 20260225132556.0
008 260225s9999||||xx |||||||||||||| ||und||
040 _cfsic
041 _afre
082 _a440
100 _aHervé Dumont
_eAuteur
245 0 _aRobert Sidmak le maître du film noir /
245 0 _cHervé Dumont
942 _cكتاب
999 _c34446
_d34446